La consumación de la Independencia : (Record no. 161117)
[ view plain ]
| 000 -LEADER | |
|---|---|
| fixed length control field | 00856nam a2200205 4500 |
| 005 - DATE AND TIME OF LATEST TRANSACTION | |
| control field | 20220316123310.0 |
| 008 - FIXED-LENGTH DATA ELEMENTS--GENERAL INFORMATION | |
| fixed length control field | 220316b mx ||||| |||| 00| 0 spa d |
| 020 ## - INTERNATIONAL STANDARD BOOK NUMBER | |
| International Standard Book Number | 9786070310904 |
| 020 ## - INTERNATIONAL STANDARD BOOK NUMBER | |
| International Standard Book Number | 9786078657438 |
| 050 04 - LIBRARY OF CONGRESS CALL NUMBER | |
| Classification number | F1232 |
| Item number | C66 2020 |
| 245 13 - TITLE STATEMENT | |
| Title | La consumación de la Independencia : |
| Remainder of title | Los significados 27 de septiembre de 1821, II |
| Statement of responsibility, etc | / por Jaime Olveda, compilación y estudio introductorio |
| 250 ## - EDITION STATEMENT | |
| Edition statement | 1a ed. |
| 260 ## - PUBLICATION, DISTRIBUTION, ETC. (IMPRINT) | |
| Place of publication, distribution, etc | Ciudad de México : |
| Name of publisher, distributor, etc | Siglo XXI : Colegio de México : |
| Date of publication, distribution, etc | 2020. |
| 300 ## - PHYSICAL DESCRIPTION | |
| Extent | 406 p. ; |
| Dimensions | 21 cm. |
| 490 ## - SERIES STATEMENT | |
| Series statement | Colección : Historia |
| 600 1# - SUBJECT ADDED ENTRY--PERSONAL NAME | |
| Personal name | Iturbide, Agustín, |
| Dates associated with a name | 1783-1824. |
| Form subdivision | Fuentes |
| Chronological subdivision | Regencia e Imperio de Iturbide, 1821-1823. |
| 651 #7 - SUBJECT ADDED ENTRY--GEOGRAPHIC NAME | |
| Source of heading or term | Lemb |
| Geographic name | México |
| General subdivision | Historia |
| Chronological subdivision | Guerra de Independencia, 1810-1821 |
| Form subdivision | Fuentes |
| 700 1# - ADDED ENTRY--PERSONAL NAME | |
| Personal name | Olveda, Jaime, |
| Relator term | compilación y estudio introductorio. |
| 942 ## - ADDED ENTRY ELEMENTS (KOHA) | |
| Source of classification or shelving scheme | Biblioteca del Cogreso de los Estados Unidos |
| Koha item type | Libro |
No items available.